[Event "Vlissingen HZ op 11th"]
[Site "Vlissingen"]
[Date "2007.08.07"]
[Round "5"]
[White "Shrentzel, Mordechai"]
[Black "Ikonnikov, Vyacheslav"]
[Result "0-1"]
[WhiteElo "2322"]
[BlackElo "2558"]
[PlyCount "90"]
[EventDate "2007.08.04"]
[EventType "swiss"]
[EventRounds "9"]
[EventCountry "NED"]
[SourceTitle "CBM 119 Extra"]
[Source "ChessBase"]
[SourceDate "2007.09.04"]
[SourceVersion "1"]
[SourceVersionDate "2007.09.04"]
[SourceQuality "1"]

1. e4 c5 2. Nf3 e6 3. c3 Nf6 4. e5 Nd5 5. d4 cxd4 6. cxd4 b6 7. Nc3 Nxc3 8. bxc3 Qc7 9. Bd2 Bb7 10. Bd3 d6 11. 0-0 Nd7 12. exd6 Bxd6 13. Re1 0-0 14. h3 Rfe8 15. Ng5 Nf6 16. Qc2 g6 17. Ne4 Nxe4 18. Bxe4 Bxe4 19. Qxe4 Qc4 20. a4 Rac8 21. a5 b5 22. a6 Red8 23. Qe2 Qxe2 24. Rxe2 Bc7 25. Bg5 Rd5 26. Be7 Bb6 27. Ra3 Rc7 28. Bf6 Kf8 29. Be5 Rc4 30. Rb2 Ke7 31. Rab3 Kd7 32. Rxb5 Rxb5 33. Rxb5 Rxc3 34. Kf1 Ra3 35. d5 Rxa6 36. Bg3 Ra1+ 37. Ke2 Ra2+ 38. Kf3 e5 39. Bxe5 Rxf2+ 40. Kg3 Rf5 41. Bc3 Bc7+ 42. Kh4 a6 43. Rc5 h6 44. Be1 Rf4+ 45. g4 Rf3 0-1

[Event "Vlissingen HZ op 11th"]
[Site "Vlissingen"]
[Date "2007.08.06"]
[Round "4"]
[White "Westerweele, Maarten"]
[Black "Shrentzel, Mordechai"]
[Result "0-1"]
[WhiteElo "1940"]
[BlackElo "2322"]
[PlyCount "58"]
[EventDate "2007.08.04"]
[EventType "swiss"]
[EventRounds "9"]
[EventCountry "NED"]
[SourceTitle "CBM 119 Extra"]
[Source "ChessBase"]
[SourceDate "2007.09.04"]
[SourceVersion "1"]
[SourceVersionDate "2007.09.04"]
[SourceQuality "1"]

1. e4 d5 2. exd5 Nf6 3. Bb5+ Bd7 4. Bc4 Bg4 5. f3 Bc8 6. Nc3 Nbd7 7. Nge2 Nb6 8. Bb3 Nbxd5 9. d4 e6 10. 0-0 c5 11. Nxd5 Nxd5 12. Kh1 Be7 13. Re1 0-0 14. c3 b6 15. Ng3 cxd4 16. Qxd4 Bb7 17. Bc2 Nf6 18. Qe3 Qc7 19. Qf2 Rfd8 20. Be3 Rac8 21. Rad1 Rd5 22. Rxd5 Bxd5 23. a3 Bc5 24. Bxc5 Qxc5 25. Qxc5 Rxc5 26. Ne4 Bxe4 27. fxe4 Kf8 28. h3 Nd7 29. Kg1 Ne5 0-1

[Event "Czerniak Memorial 11th"]
[Site "Tel Aviv"]
[Date "1995.??.??"]
[Round "6"]
[White "Ilfeld, Etan"]
[Black "Shrentzel, Mordechai"]
[Result "1/2-1/2"]
[WhiteElo "2195"]
[BlackElo "2325"]
[PlyCount "58"]
[EventDate "1995.??.??"]
[EventType "tourn"]
[EventRounds "11"]
[EventCountry "ISR"]
[EventCategory "4"]
[SourceTitle "EXT 1997"]
[Source "ChessBase"]
[SourceDate "1996.11.15"]
[SourceVersion "1"]
[SourceVersionDate "1996.11.15"]
[SourceQuality "1"]

1. e4 e5 2. Nf3 d6 3. d4 Nf6 4. Nc3 Nbd7 5. Bc4 Be7 6. 0-0 0-0 7. Bg5 c6 8. a4 b6 9. Qe2 Bb7 10. Rad1 Qc7 11. dxe5 Nxe5 12. Nxe5 dxe5 13. Rd3 a6 14. Rfd1 b5 15. Bb3 Rad8 16. Rg3 Rxd1+ 17. Nxd1 Rd8 18. Bxf6 Bxf6 19. Ne3 Qd6 20. h3 Bc8 21. Kh2 Be6 22. Ng4 Bxb3 23. Rxb3 Bg5 24. axb5 axb5 25. Rd3 Qc7 26. Ne3 Rxd3 27. Qxd3 Bxe3 28. Qxe3 Qd6 29. Qc3 h5 1/2-1/2

[Event "Czerniak Memorial 11th"]
[Site "Tel Aviv"]
[Date "1995.??.??"]
[Round "1"]
[White "Shrentzel, Mordechai"]
[Black "Boim, Inon"]
[Result "0-1"]
[WhiteElo "2325"]
[BlackElo "2365"]
[PlyCount "82"]
[EventDate "1995.??.??"]
[EventType "tourn"]
[EventRounds "11"]
[EventCountry "ISR"]
[EventCategory "4"]
[SourceTitle "EXT 1997"]
[Source "ChessBase"]
[SourceDate "1996.11.15"]
[SourceVersion "1"]
[SourceVersionDate "1996.11.15"]
[SourceQuality "1"]

1. e4 c5 2. c3 d6 3. d4 Nf6 4. dxc5 Nc6 5. Qd3 dxc5 6. Qxd8+ Nxd8 7. f3 g6 8. Be3 b6 9. Bb5+ Bd7 10. Bxd7+ Nxd7 11. Na3 Nc6 12. 0-0-0 0-0-0 13. Ne2 Bg7 14. h3 h5 15. Kc2 h4 16. Nf4 Bh6 17. Nd5 Bxe3 18. Nxe3 Nf6 19. Rxd8+ Rxd8 20. Rd1 Rxd1 21. Kxd1 Nh5 22. Nac2 Nf4 23. Ne1 Kd7 24. b3 b5 25. Nd5 Nxd5 26. exd5 Na5 27. Nc2 Kd6 28. Ne3 Ke5 29. Ke2 c4 30. b4 Nb7 31. a4 a6 32. axb5 axb5 33. Nc2 Nd6 34. Nd4 Kxd5 35. Ke3 e5 36. Nc2 Nf5+ 37. Ke2 Ne7 38. Ne3+ Kd6 39. Nd1 Nd5 40. Kf2 Ke6 41. Ke2 Kf5 0-1

[Event "Czerniak Memorial 11th"]
[Site "Tel Aviv"]
[Date "1995.??.??"]
[Round "9"]
[White "Shrentzel, Mordechai"]
[Black "Kataev, Simcho"]
[Result "1/2-1/2"]
[WhiteElo "2325"]
[BlackElo "2360"]
[PlyCount "70"]
[EventDate "1995.??.??"]
[EventType "tourn"]
[EventRounds "11"]
[EventCountry "ISR"]
[EventCategory "4"]
[SourceTitle "EXT 1997"]
[Source "ChessBase"]
[SourceDate "1996.11.15"]
[SourceVersion "1"]
[SourceVersionDate "1996.11.15"]
[SourceQuality "1"]

1. e4 c5 2. d4 cxd4 3. c3 d3 4. c4 d6 5. Bxd3 Nf6 6. Nf3 Nbd7 7. Nc3 a6 8. 0-0 e6 9. Qe2 Qc7 10. b4 b5 11. Bb2 bxc4 12. Bxc4 Be7 13. Rac1 0-0 14. b5 Nc5 15. e5 dxe5 16. Nxe5 Bb7 17. a4 axb5 18. axb5 Bd6 19. Rfe1 Rfc8 20. Nb1 Nfe4 21. Nf3 Qe7 22. Be5 Bxe5 23. Nxe5 Qf6 24. Nc6 Bxc6 25. bxc6 Rxc6 26. Bd3 Nd6 27. Bxh7+ Kxh7 28. Qh5+ Kg8 29. Rxc5 Ra2 30. Rf1 g6 31. Qe5 Qxe5 32. Rxe5 Rcc2 33. Ree1 Nb5 34. Rc1 Rxc1 35. Rxc1 Ra1 1/2-1/2

[Event "Chania op 5th"]
[Site "Chania"]
[Date "1995.??.??"]
[Round "8"]
[White "Sirigos, Nikolaos"]
[Black "Shrentzel, Mordechai"]
[Result "1-0"]
[WhiteElo "2265"]
[BlackElo "2305"]
[PlyCount "89"]
[EventDate "1995.08.??"]
[EventType "swiss"]
[EventRounds "9"]
[EventCountry "GRE"]
[SourceTitle "EXT 1997"]
[Source "ChessBase"]
[SourceDate "1996.11.15"]
[SourceVersion "1"]
[SourceVersionDate "1996.11.15"]
[SourceQuality "1"]

1. d4 Nf6 2. Nf3 g6 3. c4 Bg7 4. Nc3 0-0 5. e4 d6 6. h3 c6 7. Bd3 Nbd7 8. Bg5 a6 9. Rc1 b5 10. cxb5 axb5 11. a3 h6 12. Be3 e5 13. dxe5 dxe5 14. 0-0 Nh5 15. Bb1 Qf6 16. Nh2 Nf4 17. Ne2 h5 18. Qd2 Ra6 19. Rfd1 Nb6 20. Ba2 Be6 21. Nxf4 Bxa2 22. Nd3 Nc4 23. Qe2 Raa8 24. Nc5 Nxe3 25. Qxe3 Qf4 26. Rc3 Qxe3 27. Rxe3 Rfd8 28. Red3 Rxd3 29. Rxd3 Bf8 30. Nd7 Bc4 31. Rd2 Bh6 32. Rd6 b4 33. Nb6 Bf8 34. Rxc6 Bb5 35. Rc1 Ra6 36. Nd5 bxa3 37. bxa3 Rxa3 38. Nf3 Bd3 39. Nxe5 Bxe4 40. Nf6+ Kg7 41. Nxe4 Ra7 42. Nf3 Re7 43. Ng3 Rb7 44. h4 Be7 45. Ne4 1-0

[Event "Budapest FS08 IM"]
[Site "Budapest"]
[Date "1994.??.??"]
[Round "2"]
[White "Hjelm, Niclas"]
[Black "Shrentzel, Mordechai"]
[Result "1/2-1/2"]
[WhiteElo "2375"]
[BlackElo "2290"]
[PlyCount "38"]
[EventDate "1994.08.??"]
[EventType "tourn"]
[EventRounds "13"]
[EventCountry "HUN"]
[EventCategory "4"]
[SourceTitle "EXT 1997"]
[Source "ChessBase"]
[SourceDate "1996.11.15"]
[SourceVersion "1"]
[SourceVersionDate "1996.11.15"]
[SourceQuality "1"]

1. e4 Nf6 2. e5 Nd5 3. d4 d6 4. c4 Nb6 5. exd6 cxd6 6. Nc3 g6 7. Be3 Bg7 8. Rc1 0-0 9. Nf3 Bg4 10. d5 N8d7 11. b3 Ne5 12. Be2 Nxf3+ 13. Bxf3 Bxf3 14. Qxf3 Nd7 15. 0-0 a6 16. Qd1 Rc8 17. Ne2 Qa5 18. a4 Nc5 19. Bd2 Qb6 1/2-1/2

[Event "Budapest FS08 IM"]
[Site "Budapest"]
[Date "1994.??.??"]
[Round "8"]
[White "Petran, Pal"]
[Black "Shrentzel, Mordechai"]
[Result "0-1"]
[WhiteElo "2480"]
[BlackElo "2290"]
[PlyCount "84"]
[EventDate "1994.08.??"]
[EventType "tourn"]
[EventRounds "13"]
[EventCountry "HUN"]
[EventCategory "4"]
[SourceTitle "EXT 1997"]
[Source "ChessBase"]
[SourceDate "1996.11.15"]
[SourceVersion "1"]
[SourceVersionDate "1996.11.15"]
[SourceQuality "1"]

1. d4 Nf6 2. c4 g6 3. Nc3 Bg7 4. e4 d6 5. Be2 0-0 6. Nf3 c5 7. d5 e5 8. 0-0 Ne8 9. Ne1 f5 10. Nd3 Nd7 11. a3 f4 12. b4 b6 13. Rb1 Ndf6 14. bxc5 bxc5 15. Bd2 g5 16. f3 h5 17. Nf2 Bh6 18. h3 Kh8 19. Rb2 Rg8 20. Nb1 g4 21. hxg4 hxg4 22. fxg4 Bg5 23. Rb3 Rg7 24. Rh3+ Rh7 25. Rxh7+ Kxh7 26. Bc3 Bh4 27. Nd2 Rb8 28. Nh3 Kg8 29. g5 Bxh3 30. gxf6 Bc8 31. f7+ Kxf7 32. Bg4 Nf6 33. Be6+ Bxe6 34. dxe6+ Kxe6 35. Nf3 Qh8 36. Qd3 Qh5 37. Rd1 Rb6 38. Bxe5 dxe5 39. Qd8 Bg3 40. Qc8+ Kf7 41. Qc7+ Kg8 42. Qxa7 Rb2 0-1

[Event "Czerniak Memorial 10th"]
[Site "Tel Aviv"]
[Date "1994.??.??"]
[Round "10"]
[White "Shrentzel, Mordechai"]
[Black "Grinshpun, Eduard"]
[Result "0-1"]
[WhiteElo "2290"]
[BlackElo "2440"]
[PlyCount "62"]
[EventDate "1994.??.??"]
[EventType "tourn"]
[EventRounds "11"]
[EventCountry "ISR"]
[EventCategory "4"]
[SourceTitle "EXT 1997"]
[Source "ChessBase"]
[SourceDate "1996.11.15"]
[SourceVersion "1"]
[SourceVersionDate "1996.11.15"]
[SourceQuality "1"]

1. e4 e5 2. Nf3 Nc6 3. d4 exd4 4. Nxd4 Bc5 5. Nxc6 Qf6 6. Qd2 dxc6 7. Nc3 Be6 8. Na4 Rd8 9. Bd3 Bd4 10. c3 Be5 11. Nc5 Bc4 12. Qc2 Bxd3 13. Nxd3 Qd6 14. Nxe5 Qxe5 15. Be3 Nf6 16. 0-0 Ng4 17. g3 Nxe3 18. fxe3 0-0 19. Rf4 Qe6 20. Qb3 Rd2 21. Qxe6 fxe6 22. Rxf8+ Kxf8 23. Rf1+ Ke7 24. Rf2 Rxf2 25. Kxf2 Kf6 26. Ke2 Ke5 27. Kd3 c5 28. c4 b6 29. b3 a6 30. a3 h5 31. h3 g5 0-1

[Event "Czerniak Memorial 10th"]
[Site "Tel Aviv"]
[Date "1994.??.??"]
[Round "6"]
[White "Shrentzel, Mordechai"]
[Black "Henderson, John B"]
[Result "1/2-1/2"]
[WhiteElo "2290"]
[BlackElo "2185"]
[PlyCount "24"]
[EventDate "1994.??.??"]
[EventType "tourn"]
[EventRounds "11"]
[EventCountry "ISR"]
[EventCategory "4"]
[SourceTitle "EXT 1997"]
[Source "ChessBase"]
[SourceDate "1996.11.15"]
[SourceVersion "1"]
[SourceVersionDate "1996.11.15"]
[SourceQuality "1"]

1. e4 Nf6 2. e5 Nd5 3. Nc3 Nxc3 4. bxc3 d6 5. f4 g6 6. Nf3 Bg7 7. d4 0-0 8. Bd3 c5 9. 0-0 dxe5 10. fxe5 Nc6 11. Be3 Bg4 12. Be4 Qa5 1/2-1/2

[Event "Czerniak Memorial 10th"]
[Site "Tel Aviv"]
[Date "1994.??.??"]
[Round "4"]
[White "Teplitsky, Yan"]
[Black "Shrentzel, Mordechai"]
[Result "1-0"]
[WhiteElo "2425"]
[BlackElo "2290"]
[PlyCount "67"]
[EventDate "1994.??.??"]
[EventType "tourn"]
[EventRounds "11"]
[EventCountry "ISR"]
[EventCategory "4"]
[SourceTitle "EXT 1997"]
[Source "ChessBase"]
[SourceDate "1996.11.15"]
[SourceVersion "1"]
[SourceVersionDate "1996.11.15"]
[SourceQuality "1"]

1. Nf3 d5 2. c4 d4 3. g3 g6 4. e3 c5 5. exd4 cxd4 6. d3 Bg7 7. Bg2 e5 8. 0-0 Ne7 9. Re1 f6 10. b4 0-0 11. Nbd2 Nd7 12. Ba3 Re8 13. Ne4 Nf8 14. b5 Nf5 15. Nfd2 a6 16. b6 Qxb6 17. c5 Qc7 18. Nc4 Be6 19. Ned6 Nxd6 20. cxd6 Qf7 21. Nb6 Rab8 22. Rc1 Nd7 23. Rc7 Red8 24. Qd2 Kh8 25. Bxb7 Qg8 26. Nc4 f5 27. Na5 Bxa2 28. Nc6 Qb3 29. Nxb8 Nxb8 30. Qa5 Bf6 31. Rxe5 Qxd3 32. Re1 Bg8 33. Rce7 Rf8 34. d7 1-0

[Event "Tel Aviv ASA"]
[Site "Tel Aviv"]
[Date "1993.??.??"]
[Round "1"]
[White "Mashian, Yaacov"]
[Black "Shrentzel, Mordechai"]
[Result "1/2-1/2"]
[WhiteElo "2230"]
[BlackElo "2300"]
[PlyCount "76"]
[EventDate "1993.??.??"]
[EventType "tourn"]
[EventRounds "11"]
[EventCountry "ISR"]
[EventCategory "4"]
[SourceTitle "EXT 1998"]
[Source "ChessBase"]
[SourceDate "1997.11.17"]
[SourceVersion "1"]
[SourceVersionDate "1997.11.17"]
[SourceQuality "1"]

1. e4 d5 2. exd5 Nf6 3. c4 c6 4. Nc3 cxd5 5. cxd5 Nxd5 6. Nf3 Nc6 7. Bb5 e6 8. 0-0 Be7 9. Ne5 Bd7 10. Nxd7 Qxd7 11. Qf3 Rd8 12. d4 0-0 13. Be3 Nc7 14. Bxc6 bxc6 15. Rac1 Nd5 16. Nxd5 cxd5 17. Qe2 Rb8 18. Bf4 Bd6 19. Bg3 Bxg3 20. hxg3 Rb4 21. Qd2 Qb7 22. b3 a5 23. Rc5 a4 24. bxa4 Rxa4 25. Rfc1 Qb4 26. Qg5 Qxd4 27. Rc8 Ra8 28. Rxa8 Rxa8 29. Qe7 h6 30. Qb7 Qa4 31. Rc7 Qd1+ 32. Kh2 Qh5+ 33. Kg1 Qd1+ 34. Kh2 Rxa2 35. Rc8+ Kh7 36. Qxf7 Qe2 37. Qg8+ Kg6 38. Qe8+ Kh7 1/2-1/2

[Event "Tel Aviv ASA"]
[Site "Tel Aviv"]
[Date "1993.??.??"]
[Round "9"]
[White "Shrentzel, Mordechai"]
[Black "Slutzky, Leonid"]
[Result "1-0"]
[WhiteElo "2300"]
[BlackElo "2320"]
[PlyCount "91"]
[EventDate "1993.??.??"]
[EventType "tourn"]
[EventRounds "11"]
[EventCountry "ISR"]
[EventCategory "4"]
[SourceTitle "EXT 1998"]
[Source "ChessBase"]
[SourceDate "1997.11.17"]
[SourceVersion "1"]
[SourceVersionDate "1997.11.17"]
[SourceQuality "1"]

1. e4 c5 2. c3 e6 3. d4 d5 4. e5 Nc6 5. Nf3 Bd7 6. a3 f6 7. Bd3 fxe5 8. Nxe5 Nxe5 9. dxe5 Ne7 10. 0-0 Qc7 11. Qe2 0-0-0 12. b4 Nc6 13. Re1 Be7 14. Nd2 h6 15. Bg6 Kb8 16. Nf3 Rhf8 17. Bd2 Be8 18. Bxe8 Rfxe8 19. Qd3 Bf8 20. Qg6 Qd7 21. Be3 c4 22. Nd4 Nxd4 23. Bxd4 Re7 24. f4 Rf7 25. Rf1 Qe8 26. Rf3 Rf5 27. Qxe8 Rxe8 28. g4 Rf7 29. f5 Be7 30. Raf1 Bd8 31. Kf2 Bc7 32. f6 gxf6 33. Rxf6 Rg7 34. Rg1 Rg5 35. h4 Rxe5 36. Bxe5 Bxe5 37. Rf3 Bg7 38. Ke2 Re7 39. g5 hxg5 40. hxg5 Kc7 41. Rgf1 Kd6 42. Kd2 e5 43. Rf7 d4 44. g6 Bh6+ 45. Kd1 Re8 46. g7 1-0

[Event "Ramat Hasharon"]
[Site "Ramat Hasharon"]
[Date "1992.??.??"]
[Round "4"]
[White "Ben Menachem, Itzhak"]
[Black "Shrentzel, Mordechai"]
[Result "1/2-1/2"]
[WhiteElo "2305"]
[BlackElo "2290"]
[PlyCount "32"]
[EventDate "1992.??.??"]
[EventType "tourn"]
[EventRounds "11"]
[EventCountry "ISR"]
[EventCategory "4"]
[SourceTitle "EXT 1997"]
[Source "ChessBase"]
[SourceDate "1996.11.15"]
[SourceVersion "1"]
[SourceVersionDate "1996.11.15"]
[SourceQuality "1"]

1. d4 Nf6 2. Nf3 d6 3. c4 Nbd7 4. Nc3 e5 5. e4 g6 6. Be2 Bg7 7. 0-0 0-0 8. Be3 c6 9. Qc2 Qc7 10. h3 exd4 11. Bxd4 Re8 12. Rfe1 Ne5 13. Rad1 Be6 14. b3 Rad8 15. Be3 Nxf3+ 16. Bxf3 Qa5 1/2-1/2

[Event "Ramat Hasharon"]
[Site "Ramat Hasharon"]
[Date "1992.??.??"]
[Round "10"]
[White "Shrentzel, Mordechai"]
[Black "Zilberman, Yaacov"]
[Result "0-1"]
[WhiteElo "2290"]
[BlackElo "2490"]
[PlyCount "74"]
[EventDate "1992.??.??"]
[EventType "tourn"]
[EventRounds "11"]
[EventCountry "ISR"]
[EventCategory "4"]
[SourceTitle "EXT 1997"]
[Source "ChessBase"]
[SourceDate "1996.11.15"]
[SourceVersion "1"]
[SourceVersionDate "1996.11.15"]
[SourceQuality "1"]

1. Nf3 d5 2. g3 c6 3. Bg2 Bg4 4. c4 e6 5. b3 Nd7 6. Bb2 Ngf6 7. 0-0 Be7 8. d3 0-0 9. Nbd2 a5 10. a3 Qb8 11. Qc2 Rd8 12. Rfe1 e5 13. e4 d4 14. h3 Bh5 15. Nh4 Nc5 16. Nf5 Bf8 17. g4 Bg6 18. f4 exf4 19. Nxd4 Nxd3 20. Qxd3 c5 21. Qf3 cxd4 22. e5 Nd7 23. Qxb7 Qxb7 24. Bxb7 Rab8 25. Bd5 Nb6 26. Bc6 Bc5 27. Bb5 Nd5 28. cxd5 Rxb5 29. d6 Bc2 30. Nf3 d3+ 31. Kg2 Bxb3 32. Bc3 a4 33. Re4 Be3 34. Rb4 Rc5 35. Bd4 Rc2+ 36. Kh1 Bd5 37. Rf1 d2 0-1

[Event "Ramat Hasharon"]
[Site "Ramat Hasharon"]
[Date "1992.??.??"]
[Round "11"]
[White "Varga, Zoltan"]
[Black "Shrentzel, Mordechai"]
[Result "1-0"]
[WhiteElo "2480"]
[BlackElo "2290"]
[PlyCount "59"]
[EventDate "1992.??.??"]
[EventType "tourn"]
[EventRounds "11"]
[EventCountry "ISR"]
[EventCategory "4"]
[SourceTitle "EXT 1997"]
[Source "ChessBase"]
[SourceDate "1996.11.15"]
[SourceVersion "1"]
[SourceVersionDate "1996.11.15"]
[SourceQuality "1"]

1. e4 e6 2. d4 d5 3. exd5 exd5 4. c4 Nf6 5. Nc3 Bb4 6. Bd3 0-0 7. Nge2 c5 8. 0-0 dxc4 9. Bxc4 cxd4 10. Nxd4 Nbd7 11. Bf4 Nb6 12. Bb3 Bg4 13. Qd3 Bc5 14. Be3 Re8 15. Rac1 Bh5 16. Ncb5 Bg6 17. Bxf7+ Bxf7 18. Rxc5 Nbd5 19. a3 Ne4 20. Rcc1 a6 21. Nc3 Nexc3 22. bxc3 Nxe3 23. fxe3 Rc8 24. Rxf7 Kxf7 25. Qxh7 Qg5 26. Rf1+ Ke7 27. Qe4+ Kd7 28. Qxb7+ Rc7 29. Rf7+ Re7 30. Qxc7+ 1-0

[Event "Rishon Le Ziyyon"]
[Site "Rishon Le Ziyyon"]
[Date "1991.??.??"]
[Round "?"]
[White "Bronstein, David Ionovich"]
[Black "Shrentzel, Mordechai"]
[Result "1/2-1/2"]
[WhiteElo "2460"]
[BlackElo "2280"]
[PlyCount "106"]
[EventDate "1991.??.??"]
[EventType "tourn"]
[EventRounds "11"]
[EventCountry "ISR"]
[EventCategory "5"]
[SourceTitle "EXT 1999"]
[Source "ChessBase"]
[SourceDate "1998.11.16"]
[SourceVersion "1"]
[SourceVersionDate "1998.11.16"]
[SourceQuality "1"]

1. e4 d5 2. exd5 Nf6 3. Bb5+ Bd7 4. Be2 Nxd5 5. d4 Bf5 6. Nf3 e6 7. 0-0 Be7 8. h3 0-0 9. c4 Nb6 10. Be3 N8d7 11. Nc3 c5 12. b3 Bg6 13. Qc1 cxd4 14. Bxd4 Bf6 15. Bxf6 Qxf6 16. Qe3 Rac8 17. Nb5 a6 18. Nd6 Rc7 19. b4 Bh5 20. Rac1 Nc8 21. Ne4 Qe7 22. c5 Nf6 23. Nc3 Na7 24. Ne5 Bxe2 25. Qxe2 Nc6 26. Nxc6 Rxc6 27. Rfd1 h6 28. Rd3 b6 29. cxb6 Rfc8 30. Qe1 Qb7 31. Rdd1 Qxb6 32. a3 Qc7 33. b5 axb5 34. Nxb5 Qb6 35. a4 Ra8 36. Qb4 Nd5 37. Qb3 Rxc1 38. Rxc1 Qa5 39. Ra1 Qd2 40. Rd1 Qa5 41. Ra1 Qd2 42. Rd1 Qf4 43. Rd4 Qe5 44. g3 Rc8 45. Rc4 Rb8 46. Qd1 Ra8 47. h4 Qb2 48. Qf3 Rd8 49. Kg2 Qa2 50. Rg4 Qb2 51. Rc4 Qa2 52. Rg4 Qb2 53. Rc4 Qa2 1/2-1/2

[Event "Rishon Le Ziyyon"]
[Site "Rishon Le Ziyyon"]
[Date "1991.??.??"]
[Round "?"]
[White "Istratescu, Andrei"]
[Black "Shrentzel, Mordechai"]
[Result "1-0"]
[WhiteElo "2420"]
[BlackElo "2280"]
[PlyCount "65"]
[EventDate "1991.??.??"]
[EventType "tourn"]
[EventRounds "11"]
[EventCountry "ISR"]
[EventCategory "5"]
[SourceTitle "EXT 1999"]
[Source "ChessBase"]
[SourceDate "1998.11.16"]
[SourceVersion "1"]
[SourceVersionDate "1998.11.16"]
[SourceQuality "1"]

1. e4 d5 2. exd5 Nf6 3. d4 Nxd5 4. c4 Nb6 5. Nc3 e5 6. Qe2 Qxd4 7. Nf3 Qd8 8. Qxe5+ Qe7 9. Bf4 Na6 10. 0-0-0 Qxe5 11. Bxe5 f6 12. Bg3 Bb4 13. Nb5 0-0 14. Nxc7 Nxc7 15. Bxc7 Na4 16. Bd6 Bxd6 17. Rxd6 Bg4 18. Bd3 Nc5 19. Bc2 Rae8 20. Nd4 Rd8 21. Rd5 Rxd5 22. cxd5 Rd8 23. Rd1 a5 24. Nb5 b6 25. a3 Bd7 26. Nc3 Rc8 27. d6 b5 28. Nd5 Kf7 29. b4 axb4 30. axb4 Na4 31. Re1 Be6 32. Nc7 Bc4 33. Re7+ 1-0